| 000 | 01543cam a2200289 i 4500 | ||
|---|---|---|---|
| 999 |
_c21599 _d21599 |
||
| 001 | vtls001694042 | ||
| 003 | NUKAT | ||
| 005 | 20220120101325.0 | ||
| 008 | 100527s2010 pl a f u |000 0 pol c | ||
| 020 | _a9788325194970 | ||
| 035 | _axx001694042 | ||
| 039 | 9 |
_a201401080116 _bVLOAD _c201401070141 _dVLOAD _c201006160931 _dkoppp _c201006071431 _dagh |
|
| 040 |
_aKR 93/AN _cKR 93/AN _dKR 93/MU |
||
| 041 | 1 |
_apol _heng |
|
| 245 | 0 | 0 |
_aSieci kablowe służące do rozprowadzania sygnałów: telewizyjnych, radiofonicznych i usług interaktywnych - Część 7-2: Kontrola stanu urządzeń zewnętrznych sieci hybrydowej współosiowo-światłowodowej - Specyfikacja warstwy sterującej dostępem do mediów (MAC) PN-EN 60728-7-2:2010P / _cPolski Komitet Normalizacyjny. |
| 246 | 3 | 0 | _aPN-EN 60728-7-2 |
| 246 | 1 | 3 | _aCable networks for television signals, sound signals and interactive services - Part 7-2: Hybrid fibre coax outside plant status monitoring - Media Access Control (MAC) layer specification |
| 260 |
_aWarszawa : _bPolski Komitet Normalizacyjny, _c2010. |
||
| 300 |
_a4, 45 s. : _bil. ; _c30 cm. |
||
| 500 | _aICS 33.060.40; 33.160; 35.100.60. | ||
| 590 | _aWprowadza EN 60728-7-2:2005, IDT, IEC 60728-7-2:2003, IDT; Zastępuje PN-EN 60728-7-2:2005 ; Zatwierdzona dnia 28 grudnia 2009 r. | ||
| 710 | 1 |
_aPolska. _bPolski Komitet Normalizacyjny. _91107 |
|
| 710 | 1 |
_aPolska. _bPolski Komitet Normalizacyjny. _bWydział Wydawnictw Normalizacyjnych. _4pbl _91108 |
|
| 942 |
_2ddc _cBK |
||